Az 1879. évi erdőtörvény hatása a Dráva menti erdőgazdálkodás fejlődésére

In the essay I examine how the manors manage their forests on this territory which was famous about its old slavonic oak forests at that time. I was excited about that what kind of forest management system was built in the 19th century in the manors which are located in this the region. I dealt with...

Teljes leírás

Elmentve itt :
Bibliográfiai részletek
Szerző: Szabó Máté
Dokumentumtípus: Cikk
Megjelent: Egyesület Közép-Európa Kutatására, SZTE Juhász Gyula Pedagógusképző Kar Szeged 2018
Sorozat:Köztes-Európa : társadalomtudományi folyóirat 10 No. 2
Kulcsszavak:Erdőgazdálkodás - Magyarország - regionális, Természetvédelem - Magyarország - jogszabályok
Tárgyszavak:
Online Access:http://acta.bibl.u-szeged.hu/58158
LEADER 02045nab a2200241 i 4500
001 acta58158
005 20260224081030.0
008 200730s2018 hu o 000 hun d
022 |a 2064-437X 
040 |a SZTE Egyetemi Kiadványok Repozitórium  |b hun 
041 |a hun 
100 1 |a Szabó Máté 
245 1 3 |a Az 1879. évi erdőtörvény hatása a Dráva menti erdőgazdálkodás fejlődésére  |h [elektronikus dokumentum] /  |c  Szabó Máté 
260 |a Egyesület Közép-Európa Kutatására, SZTE Juhász Gyula Pedagógusképző Kar  |b Szeged  |c 2018 
300 |a 5-16 
490 0 |a Köztes-Európa : társadalomtudományi folyóirat  |v 10 No. 2 
520 3 |a In the essay I examine how the manors manage their forests on this territory which was famous about its old slavonic oak forests at that time. I was excited about that what kind of forest management system was built in the 19th century in the manors which are located in this the region. I dealt with every manors which are located in the right and the left side of the Dráva. At the very beginning of my essay I point out what the forest given to the members of the society of the 19th century. I do this, becouse I would like to show that why the forest was so important for the men of the age. Furthermore, I point out what kind of changes happened by the Forest Law of 1879 in the lifes of the involved and in their farming methods. I show forestry specificities of the manors along Drava river that I examined and separately evaluated their management, organizational, profit taking and afforestation methods. Finally, I examine that how much the qualitative forestry is related to the modern wood industry. 
650 4 |a Mezőgazdaság-tudományok 
650 4 |a Mezőgazdaság, erdészet, halászat 
650 4 |a Társadalomtudományok 
650 4 |a Jogtudomány 
695 |a Erdőgazdálkodás - Magyarország - regionális, Természetvédelem - Magyarország - jogszabályok 
856 4 0 |u http://acta.bibl.u-szeged.hu/58158/1/koztes_europa_2018_002_005-016.pdf  |z Dokumentum-elérés